| 000 | 00637nam a22002177a 4500 | ||
|---|---|---|---|
| 999 |
_c2235 _d2235 |
||
| 001 | 2235 | ||
| 003 | BD-JhCC | ||
| 005 | 20171031112339.0 | ||
| 008 | 171031s1976 bg ||||| ||a| 00| 0 en d | ||
| 035 | _a(BD-JhCC)2235 | ||
| 040 |
_aBD-JhCC _dBD-JhCC |
||
| 041 | _aben | ||
| 082 |
_a830.9358 _bAHO 1976 |
||
| 100 | _aআহসান, সৈয়দ আলী | ||
| 245 |
_aজার্মান সাহিত্য / _cসৈয়দ আলী আহসান |
||
| 260 |
_aচট্টগ্রাম : _bবই ঘর, _c1976. |
||
| 300 |
_a564 p. : _c21 cm. |
||
| 650 | _aGerman Literature | ||
| 942 |
_2ddc _cBK |
||